Quiz Zoro One piece - Statistiques

Statistiques générales
  • Ce quiz a été pris 941 fois
    732 depuis la dernière actualisation
  • Le résultat moyen est 13 sur 15
Statistiques - réponses
Question Réponse % Correct
Quel est le nom complet de Zoro ? Roronoa Zoro
100%
Que faisait Zoro avant de rejoindre l'équipage de Luffy ? Il était chasseur de prime
98%
Quel est le rêve de Zoro ? Vaincre Mihawk et devenir le meilleur épéiste
98%
Quel est le fruit du démon que possède Zoro ? Zoro ne possède pas de fruit du démon.
98%
Qui a entrainé Zoro durant l'élipse ? Mihawk
96%
Avec qui il ne s'entend le moins bien dans l'équipage ? Sanji
96%
Comment Zoro a-t-il rencontré Luffy pour la première fois ? Luffy a sauvé Zoro d'une exécution
94%
Quel est le nom des trois épées qu'utilise Zoro actuellement ? Wadô Ichimonji, Sandai Kitetsu et Enma
87%
Où Zoro a-t-il grandi ? Au village de Shimotsuki
85%
Qui a été l'enseignant de Zoro dans l'art du sabre durant son enfance ? Koshiro
83%
Quelle est la prime actuelle de Zoro en Berry ? 1.111.000.000
79%
Quel est le nom de l'épée qui a été offerte à Zoro après la mort de son ami Kuina ? Wado Ichimonji
75%
Quel personnage Zoro n'a jamais combattu ? don krieg
69%
Quel est le nom de l'île où Zoro a passé deux ans avec Mihawk et Perona ? Kuraigana
60%
Quelle est l'attaque principale et l'une des plus puissantes de Zoro ? Demon Slash
38%
Aucun quiz correspondant
Distribution des résultats
% des personnes avec chaque résultat
Percentile par nombre de réponses
Votre historique - résultats
Vous n’avez pas pris ce quiz depuis la dernière actualisation